Cuatro psicologías aplicada a la educación
में बचाया:
| मुख्य लेखक: | |
|---|---|
| स्वरूप: | पुस्तक |
| भाषा: | स्पेनिश |
| प्रकाशित: |
Madrid
Narcea
1978
|
| श्रृंखला: | Educación hoy
|
| विषय: | |
| टैग: |
टैग जोड़ें
कोई टैग नहीं, इस रिकॉर्ड को टैग करने वाले पहले व्यक्ति बनें!
|
MARC
| LEADER | 00000nam a2200000 a 4500 | ||
|---|---|---|---|
| 001 | UCY8176 | ||
| 003 | CL-VaPUC | ||
| 008 | 950623e19780000SP |||||||||||||||||spa|d | ||
| 082 | 0 | 4 | |a 370.15 |b ROB |2 21 |
| 100 | 0 | |a Roberts, Thomas |e author |9 339390 | |
| 245 | 1 | 0 | |a Cuatro psicologías aplicada a la educación |
| 300 | |a v | ||
| 942 | |c BK | ||
| 945 | |d 19950623 00:00:00 |a lriquelm | ||
| 260 | |a Madrid |b Narcea |c 1978 | ||
| 650 | 0 | |a Psicología educacional |9 307830 | |
| 650 | 0 | |a Filosofía de la educación |9 258384 | |
| 650 | 7 | |a TEMOR |2 CL-VaPUC |9 339391 | |
| 650 | 0 | |a Psicoanálisis |9 265702 | |
| 650 | 0 | |a Juventud |9 271073 | |
| 650 | 0 | |a Adolescencia |9 307361 | |
| 650 | 0 | |a Sociología de la educación |9 260380 | |
| 650 | 7 | |a PROMOCION DE LOS DOCENTES |2 CL-VaPUC |9 339392 | |
| 650 | 0 | |a Salud mental |9 308393 | |
| 650 | 0 | |a Psicología social |9 222894 | |
| 650 | 0 | |a Religión |9 255164 | |
| 650 | 7 | |a PERCEPCION EXTRASENSORIAL |2 CL-VaPUC |9 309537 | |
| 650 | 7 | |a PRACTICAS ESOTERICAS |2 CL-VaPUC |9 337269 | |
| 583 | |a last modification |c 19950623 00:00:00 |k Rodrigo Vera | ||
| 490 | 0 | |a Educación hoy | |
| 999 | |c 235454 |d 235452 | ||
| 952 | |0 0 |1 0 |4 0 |6 370_150000000000000_ROB_1978 |7 0 |8 A |9 242890 |a BIBEDU |b BIBEDU |d 2019-11-18 |h v.1 |i 1518801 |o 370.15 ROB 1978 |p 1518801 |r 2019-11-18 |w 2019-11-18 |y BK |k EDU | ||
| 952 | |0 0 |1 0 |4 0 |6 370_150000000000000_ROB_1978 |7 0 |8 A |9 242891 |a BIBEDU |b BIBEDU |d 2019-11-18 |h v.2 |i 151881K |o 370.15 ROB 1978 |p 151881K |r 2019-11-18 |w 2019-11-18 |y BK |k EDU | ||